| 000 | 01719cad a22002295a 4500 | ||
|---|---|---|---|
| 001 | L145926 | ||
| 008 | 081124s2008 xxkbd f s 000 0 eng d | ||
| 035 | _a(Sirsi) u145926 | ||
| 041 | 0 | _aeng | |
| 050 | 0 | 4 | _a344.41065 $2 18 |
| 110 | 2 |
_aGreat Britain _bHealth and Safety Executive |
|
| 245 | 0 | 0 |
_aHealth and Safety Statistics 2007/08 _h[electronic resource] |
| 260 |
_aLondon _bHealth and Safety Executive _c2008 |
||
| 505 | 2 | _aKey facts -- Work-related ill health -- Workplace injuries -- Industry sectors -- Working conditions -- Countries and regions -- Progress against targets -- Enforcement -- Sources and definitions | |
| 520 | _aPresents the statistics of work related illnesses and workplace injuries in Great Britain, for the period of 2007-2008. Reports as key facts that 2.1 million people were suffering from a work-related illness. In the category of injuries, 229 workers were killed at work. 34 million days were lost, 28 million due to work-related injury, 6 due to workplace related injury. Shows that the target for fatal and major injuries were on track to meet the Revitalising Health and Safety target. On the opposite, the categories "Ill health" and "Days lost per worker" were probably not on track to meet the Revitalising Health and Safety target. Concludes that on the matter of enforcement, 1028 offences were prosecuted by the Health and Safety Executive, while 354 offences were prosecuted by local authorities. Tables and maps. | ||
| 521 | _aAdvanced | ||
| 590 | _aKA | ||
| 651 | 4 |
_aGreat Britain _y1707- |
|
| 690 |
_aHealth and safety _96244 |
||
| 856 | 4 | 0 |
_uhttps://www.hse.gov.uk/statistics/overall/hssh0708.pdf _zView the item free of charge at www.hse.gov.uk... |
| 942 | _n0 | ||
| 999 |
_c108967 _d108967 |
||